000 00446nam a2200181Ia 4500
001 1405
005 20260306143726.0
008 260306t1998||||xx |||||||||||||| ||spa||
041 _aESP
082 _a150
_bG82
100 _aGross, Richard D.
_eAUT
245 0 _aPsicologĂ­a:
_bla ciencia de la mente y la conducta
260 _c1998
300 _axvii, 996 páginas :
_c26 cm.
650 _aGEN
654 _aCPS
942 _cLIB
_dJUS
_fJUS
_2ddc
_n
999 _c1405
_d1405